000 00467cam a2200181ua 4500
020 _a81 85076 36 7
_c200.00
041 _aeng
_h
082 _a631.587
_bKAL/IR
100 _aKallur, M S .
245 _aIrrigation and economic development /
_cM S Kallur.
_hTextual Documents
250 _a1 /
_b.
260 _aAllahabad :
_bChugh publications ,
_c1988.
300 _a296 ; .
365 _a200.00
504 _a
942 _cBK
999 _c7282
_d7282